Gestión de la comunicación empresarial

Wedi'i Gadw mewn:
Manylion Llyfryddiaeth
Prif Awdur: Lacasa y Blay, Antonio S (Awdur)
Fformat: Llyfr
Iaith:Sbaeneg
Cyhoeddwyd: s.l Planeta De Agostini Profesional y Formación S. L 2004
Rhifyn:1a. ed
Cyfres:Gestión 2000
Pynciau:
Tagiau: Ychwanegu Tag
Dim Tagiau, Byddwch y cyntaf i dagio'r cofnod hwn!

MARC

LEADER 00000cam a2200000 a 4500
001 UCC1632
003 CL-VaPUC
008 171117e20040000sp |||||||||||||||||spa|d
020 |a 8480884282 
082 0 4 |a 302.2  |b LAC  |2 21 
100 0 |a Lacasa y Blay, Antonio S  |e author  |9 595679 
245 1 0 |a Gestión de la comunicación empresarial 
250 |a 1a. ed 
300 |a 255 p 
942 |c BK 
945 |d 20171117 16:06:00  |a dcastane 
260 |a s.l  |b Planeta De Agostini Profesional y Formación S. L  |c 2004 
650 0 |a Comunicación empresarial  |9 534022 
650 0 |a Gestión organizacional  |9 528422 
583 |a last modification  |c 20171117 16:06:00  |k Rodrigo Vera 
490 0 |a Gestión 2000 
999 |c 370043  |d 370041 
952 |0 0  |1 0  |3 erb  |4 0  |6 302_200000000000000_LAC_2004  |7 0  |8 A  |9 486323  |a BIBCUR  |b BIBCUR  |i 5436001  |l 1  |o 302.2 LAC 2004  |p 5436001  |r 2025-04-22  |s 2024-06-17  |w 2019-11-24  |y BK  |z Catalogado en:20171117  |k PER